000 00849nam a22002777a 4500
001 00260
003 DO-SdBNP
005 20180223105137.0
008 151209b 2010 sp a |||| 00| 0 spa d
020 _a9788421684221
040 _aBPMSU
_bspa
_cBPMSU
092 _aXXXXX
_bXXXXX
100 1 _aPark, Barbara
240 1 0 _aJunie B., first grader, boss of lunch.
_lEspañol.
245 1 0 _aJunier B. Jones jefa de cocina /
_ctexto de Barbara Park ; ilustraciones de Denise Brunkus ; traducción, Begoña Oro
260 _aMandrid :
_bBruño,
_c2010.
300 _a89 p. :
_bil. ;
_c20 cm.
490 1 _aJunie B. Jones
_v19
700 1 2 _aBrunkus, Denise,
_eil.
700 1 2 _aOro, Begoña,
_etr.
830 0 _aJunie B. Jones
_n19
910 _a00260
942 _2ddc
_cBK
945 _aInventariado, 2018/ YL
956 _aLorenza Pérez
_b10
999 _c9058
_d9058